Zakladateľský rozpočet vybraného podniku bakalárska práca

Enregistré dans:
Détails bibliographiques
Auteur principal: Belányi, Michal
Collectivité auteur: Fakulta podnikového manažmentu EU. Katedra podnikovohospodárska
Autres auteurs: Uhliar, Miroslav, 1981-
Format: Livre
Langue:slovaque
Publié: Bratislava 2012
Tags: Ajouter un tag
Pas de tags, Soyez le premier à ajouter un tag!

MARC

LEADER 00000nbm a2200000 4500
001 0153709
005 20161109111803.9
041 0 |a slo 
044 |a SK 
245 1 0 |a Zakladateľský rozpočet vybraného podniku  |b bakalárska práca  |c Michal Belányi ; školiteľ: Miroslav Uhliar 
264 1 |a Bratislava  |c 2012 
300 |a 49 s. 
100 1 |a Belányi, Michal 
700 1 |a Uhliar, Miroslav, 1981- 
710 2 |a Fakulta podnikového manažmentu EU. Katedra podnikovohospodárska